000 00592nam a22001937a 4500
005 20160805112245.0
008 160805b1993 mx ||||| |||| 001 0 spa d
020 _a9681639650
050 0 4 _aKGF5402
_bG37 1993
100 1 _aGarcía Ramírez, Sergio,
_eautor
245 1 3 _aEl sistema penal mexicano /
_cSergio García Ramírez.
250 _aPrimera edición
260 _aMéxico :
_bFondo de Cultura Económica,
_cc1993
300 _a186 páginas ;
_c21 cm.
490 0 _aPolítica y Derecho
504 _aIncluye índice
650 7 _2lemb
_aDerecho penal
_zMéxico
942 _2lcc
_cLIB
999 _c118907
_d118907